[Event "POL-chT U19 2nd League"]
[Site "Szczyrk"]
[Date "2014.07.30"]
[Round "8.2"]
[White "Adamczyk, Pawel"]
[Black "Maj, Kornel"]
[Result "1-0"]
[WhiteElo "1746"]
[BlackElo "1907"]
[PlyCount "99"]
[EventDate "2014.07.25"]
[EventType "team-swiss"]
[EventRounds "11"]
[EventCountry "POL"]
[SourceTitle "EXT 2015"]
[Source "ChessBase"]
[SourceDate "2014.11.20"]
[SourceVersion "1"]
[SourceVersionDate "2014.11.20"]
[SourceQuality "1"]
[WhiteTeam "Chrzanow UKS SP 8 U19"]
[BlackTeam "Rydultowy Ognisko U19"]
[WhiteTeamCountry "POL"]
[BlackTeamCountry "POL"]

1. e4 c5 2. Nf3 Nc6 3. d4 cxd4 4. Nxd4 Nf6 5. Nc3 d6 6. Be2 e5 7. Nb3 Be7 8. Bg5 Nxe4 9. Bxe7 Nxc3 10. Bxd8 Nxd1 11. Rxd1 Kxd8 12. Rxd6+ Kc7 13. Rd2 Bf5 14. 0-0 Rad8 15. Rfd1 b6 16. c3 Rxd2 17. Rxd2 f6 18. f3 g5 19. Kf2 h5 20. Na1 Be6 21. b3 Ne7 22. Nc2 Rd8 23. Rxd8 Kxd8 24. Ne3 Kc7 25. g3 Nd5 26. Nxd5+ Bxd5 27. Ke3 Kd6 28. h4 Ke6 29. c4 Bc6 30. Bd3 gxh4 31. gxh4 f5 32. f4 a5 33. a3 Be8 34. b4 axb4 35. axb4 Bc6 36. Be2 Be8 37. Bd1 Kd6 38. Bc2 Ke6 39. Bd3 Bd7 40. Be2 Be8 41. Bd3 Bd7 42. Bc2 Be8 43. Bb3 Kd6 44. c5+ bxc5 45. bxc5+ Kxc5 46. fxe5 Bg6 47. Kf4 Kd4 48. e6 Kc5 49. Kg5 Bh7 50. e7 1-0

[Event "EU Union-ch U14"]
[Site "Malenovice"]
[Date "2013.09.03"]
[Round "7"]
[White "Adamczyk, Pawel"]
[Black "Bandyk, Sebastian"]
[Result "1/2-1/2"]
[WhiteElo "1655"]
[BlackElo "1593"]
[PlyCount "34"]
[EventDate "2013.08.28"]
[EventType "swiss"]
[EventRounds "9"]
[EventCountry "CZE"]
[SourceTitle "CBM 156 Extra"]
[Source "ChessBase"]
[SourceDate "2013.10.22"]
[SourceVersion "1"]
[SourceVersionDate "2013.10.22"]
[SourceQuality "1"]

1. e4 e5 2. Nf3 Nf6 3. d4 Nxe4 4. Bd3 d5 5. Nxe5 Nd7 6. Nxd7 Bxd7 7. 0-0 Bd6 8. c4 c6 9. cxd5 cxd5 10. Re1 Bxh2+ 11. Kxh2 Qh4+ 12. Kg1 Qxf2+ 13. Kh2 Qg3+ 14. Kg1 Qf2+ 15. Kh2 Qg3+ 16. Kg1 Qf2+ 17. Kh2 Qg3+ 1/2-1/2

[Event "EU Union-ch U14"]
[Site "Malenovice"]
[Date "2013.09.02"]
[Round "6"]
[White "Janska, Jitka"]
[Black "Adamczyk, Pawel"]
[Result "1/2-1/2"]
[WhiteElo "1939"]
[BlackElo "1655"]
[PlyCount "85"]
[EventDate "2013.08.28"]
[EventType "swiss"]
[EventRounds "9"]
[EventCountry "CZE"]
[SourceTitle "CBM 156 Extra"]
[Source "ChessBase"]
[SourceDate "2013.10.22"]
[SourceVersion "1"]
[SourceVersionDate "2013.10.22"]
[SourceQuality "1"]

1. e4 c5 2. Nf3 e6 3. d4 cxd4 4. Nxd4 Nf6 5. Nc3 Nc6 6. a3 d5 7. Bb5 Bd7 8. exd5 exd5 9. 0-0 Be7 10. h3 0-0 11. Be3 Rc8 12. Re1 a6 13. Bd3 h6 14. Nxc6 Bxc6 15. Bd4 Re8 16. Qf3 Ne4 17. Qg4 Bf6 18. Bxe4 dxe4 19. Bxf6 Qxf6 20. Rab1 Qe6 21. Qxe6 Rxe6 22. Ne2 Rd8 23. Rbd1 Red6 24. Rxd6 Rxd6 25. Ng3 Rd2 26. Re2 Rxe2 27. Nxe2 f5 28. Nd4 g6 29. h4 Kf7 30. h5 Kf6 31. hxg6 Kxg6 32. Kf1 Kf6 33. g3 Ke5 34. c3 Bd5 35. Ne2 Bc4 36. Ke1 Bxe2 37. Kxe2 f4 38. a4 fxg3 39. fxg3 h5 40. a5 Kf5 41. b4 Kg4 42. c4 Kxg3 43. c5 1/2-1/2

[Event "EU Union-ch U14"]
[Site "Malenovice"]
[Date "2013.08.30"]
[Round "3"]
[White "Adamczyk, Pawel"]
[Black "Havelka, Ondrej"]
[Result "1-0"]
[WhiteElo "1655"]
[BlackElo "1648"]
[PlyCount "53"]
[EventDate "2013.08.28"]
[EventType "swiss"]
[EventRounds "9"]
[EventCountry "CZE"]
[SourceTitle "CBM 156 Extra"]
[Source "ChessBase"]
[SourceDate "2013.10.22"]
[SourceVersion "1"]
[SourceVersionDate "2013.10.22"]
[SourceQuality "1"]

1. e4 e6 2. d4 d5 3. Nc3 Nf6 4. Bg5 Bb4 5. Nge2 dxe4 6. a3 Ba5 7. b4 Bb6 8. Nxe4 e5 9. dxe5 Qxd1+ 10. Rxd1 Nfd7 11. c4 a5 12. c5 Ba7 13. N2c3 0-0 14. Nd5 Nc6 15. Nxc7 Rb8 16. b5 Ncxe5 17. Be7 f5 18. b6 Bxb6 19. cxb6 Rf7 20. Bd6 fxe4 21. Ne6 Ra8 22. Bxe5 Re7 23. Nc7 Rb8 24. Bc4+ Kh8 25. Bd6 Nxb6 26. Bxe7 Bg4 27. Be2 1-0

[Event "EU Union-ch U14"]
[Site "Malenovice"]
[Date "2013.08.29"]
[Round "2"]
[White "Karas, Marek"]
[Black "Adamczyk, Pawel"]
[Result "1-0"]
[WhiteElo "2009"]
[BlackElo "1655"]
[PlyCount "139"]
[EventDate "2013.08.28"]
[EventType "swiss"]
[EventRounds "9"]
[EventCountry "CZE"]
[SourceTitle "CBM 156 Extra"]
[Source "ChessBase"]
[SourceDate "2013.10.22"]
[SourceVersion "1"]
[SourceVersionDate "2013.10.22"]
[SourceQuality "1"]

1. d4 d5 2. c4 c6 3. Nf3 e6 4. e3 Nf6 5. b3 Nbd7 6. Bb2 Bd6 7. Bd3 0-0 8. Ne5 dxc4 9. bxc4 Bb4+ 10. Nc3 Nxe5 11. dxe5 Qa5 12. Qb3 Nd7 13. Qc2 g6 14. f4 Qb6 15. Ke2 Bc5 16. h4 Rd8 17. h5 Nf8 18. hxg6 fxg6 19. Rab1 Qc7 20. Ne4 Be7 21. g4 Bd7 22. c5 b6 23. Bd4 bxc5 24. Bxc5 Bxc5 25. Nf6+ Kg7 26. Qxc5 Be8 27. Rh3 Bf7 28. Rbh1 Bg8 29. f5 Rab8 30. fxe6 Rb2+ 31. Kf3 Rb7 32. Bc4 Qe7 33. Qa5 Rdb8 34. Bb3 Rb5 35. Qc3 Rd8 36. R1h2 Rb6 37. Qc1 Rxb3 38. axb3 Qxe6 39. Qc5 Qf7 40. Qxc6 Rb8 41. Qc4 Qxc4 42. bxc4 Rc8 43. Ra2 Rxc4 44. Rxa7+ Bf7 45. Ne8+ Kg8 46. Rxf7 Ne6 47. Rf6 Ng5+ 48. Kg3 Nxh3 49. Kxh3 Re4 50. Rf3 Rxe5 51. Nf6+ Kg7 52. Nd7 Ra5 53. Nb6 Rb5 54. Nc4 Rd5 55. Rf4 h6 56. Kg3 h5 57. Kf3 hxg4+ 58. Rxg4 Kf6 59. Rd4 Rc5 60. Nd2 Rc1 61. Ne4+ Ke5 62. Nf2 Rc3 63. Rd3 Rc8 64. Ng4+ Ke6 65. e4 Rf8+ 66. Ke3 Rh8 67. Rc3 Rh3+ 68. Kd4 Rh4 69. Rc6+ Kf7 70. Ne5+ 1-0

[Event "POL-chT U19 44th"]
[Site "Karpacz"]
[Date "2013.07.29"]
[Round "8"]
[White "Adamczyk, Pawel"]
[Black "Kowalski, Igor"]
[Result "1-0"]
[WhiteElo "1669"]
[BlackElo "1814"]
[PlyCount "53"]
[EventDate "2013.07.22"]
[EventType "team-tourn"]
[EventRounds "9"]
[EventCountry "POL"]
[SourceTitle "EXT 2014"]
[Source "ChessBase"]
[SourceDate "2013.11.20"]
[SourceVersion "1"]
[SourceVersionDate "2013.11.20"]
[SourceQuality "1"]
[WhiteTeam "Chrzanow UKS SP 8 U19"]
[BlackTeam "Warszawa Gulermak Polonia U19"]
[WhiteTeamCountry "POL"]
[BlackTeamCountry "POL"]

1. e4 c5 2. Nf3 e6 3. d4 cxd4 4. Nxd4 Nf6 5. Nc3 d6 6. Be2 a6 7. 0-0 b5 8. a3 Bb7 9. Re1 Nbd7 10. f4 Rc8 11. Bf3 Qc7 12. Kh1 Be7 13. e5 Bxf3 14. Nxf3 dxe5 15. fxe5 Ng4 16. Qe2 h5 17. Bf4 Qb7 18. h3 Nh6 19. Ne4 Nf5 20. Ng3 Nxg3+ 21. Bxg3 Nb6 22. c3 Nd5 23. Nd4 h4 24. Bh2 Rh6 25. Qf2 Rg6 26. Rf1 Bd8 27. Rad1 1-0

[Event "POL-chT U19 44th"]
[Site "Karpacz"]
[Date "2013.07.27"]
[Round "6"]
[White "Adamczyk, Pawel"]
[Black "Koziol, Kamil"]
[Result "1-0"]
[WhiteElo "1669"]
[BlackElo "2035"]
[PlyCount "59"]
[EventDate "2013.07.22"]
[EventType "team-tourn"]
[EventRounds "9"]
[EventCountry "POL"]
[SourceTitle "EXT 2014"]
[Source "ChessBase"]
[SourceDate "2013.11.20"]
[SourceVersion "1"]
[SourceVersionDate "2013.11.20"]
[SourceQuality "1"]
[WhiteTeam "Chrzanow UKS SP 8 U19"]
[BlackTeam "Rybnik MKSz U19"]
[WhiteTeamCountry "POL"]
[BlackTeamCountry "POL"]

1. e4 d5 2. exd5 Qxd5 3. Nf3 Bg4 4. Be2 Nc6 5. d4 0-0-0 6. Be3 e5 7. c4 Qa5+ 8. Bd2 Qa6 9. d5 Bxf3 10. Bxf3 Nd4 11. Be2 Qg6 12. 0-0 c6 13. Nc3 cxd5 14. Bh5 Qe6 15. cxd5 Qd7 16. Be3 Nf6 17. Bxd4 exd4 18. Qxd4 Kb8 19. Bf3 Bd6 20. a4 Ka8 21. Nb5 Bb8 22. Rfd1 h6 23. Rac1 Ne8 24. Rc6 Rc8 25. Ra6 bxa6 26. d6+ Rc6 27. Rc1 Kb7 28. Qc4 Qc8 29. Bxc6+ Kb6 30. Qc5+ 1-0

[Event "POL Olympiad U14"]
[Site "Walbrzych"]
[Date "2013.??.??"]
[Round "2.21"]
[White "Adamczyk, Pawel"]
[Black "Pytel, Przemyslaw"]
[Result "1/2-1/2"]
[WhiteElo "1645"]
[BlackElo "1389"]
[PlyCount "81"]
[EventDate "2013.04.??"]
[EventType "team-swiss"]
[EventRounds "9"]
[EventCountry "POL"]
[SourceTitle "EXT 2014"]
[Source "ChessBase"]
[SourceDate "2013.11.20"]
[SourceVersion "1"]
[SourceVersionDate "2013.11.20"]
[SourceQuality "1"]

1. e4 c5 2. Nf3 e6 3. d4 cxd4 4. Nxd4 Nc6 5. Nb5 d6 6. c4 Nf6 7. N1c3 a6 8. Na3 Be7 9. Be3 0-0 10. Be2 b6 11. 0-0 Bb7 12. Rc1 Ne5 13. f3 Rc8 14. Qb3 Ned7 15. Rfd1 Qc7 16. Qc2 Nc5 17. Qd2 Rfd8 18. Qe1 Rd7 19. b4 Ncxe4 20. fxe4 Nxe4 21. Nxe4 Bxe4 22. Qf2 Rb8 23. c5 bxc5 24. bxc5 d5 25. c6 Rdd8 26. Bf4 e5 27. Bxe5 Qxe5 28. c7 Bxa3 29. cxd8Q+ Rxd8 30. Rc4 Rb8 31. Ra4 Bd6 32. Qg3 Qxg3 33. hxg3 Bxg3 34. Rxa6 g6 35. Ra3 Bc7 36. Bf3 f5 37. Bxe4 dxe4 38. Rd7 Bf4 39. g3 Bh6 40. Rb3 Rc8 41. Kf1 1/2-1/2

[Event "Solina Mind Sports U14 op"]
[Site "Solina"]
[Date "2012.04.17"]
[Round "4"]
[White "Mrozowski, Patryk"]
[Black "Adamczyk, Pawel"]
[Result "1/2-1/2"]
[WhiteElo "1598"]
[BlackElo "1463"]
[PlyCount "108"]
[EventDate "2012.04.15"]
[EventType "swiss"]
[EventRounds "9"]
[EventCountry "POL"]
[SourceTitle "EXT 2014"]
[Source "ChessBase"]
[SourceDate "2013.11.20"]
[SourceVersion "1"]
[SourceVersionDate "2013.11.20"]
[SourceQuality "1"]

1. e4 e5 2. Nf3 Nf6 3. Nxe5 d6 4. Nf3 Nxe4 5. Qe2 Qe7 6. d3 Nf6 7. Bg5 Qxe2+ 8. Bxe2 Be7 9. Nc3 a6 10. 0-0-0 Be6 11. Nd4 Nc6 12. Nxe6 fxe6 13. Rhe1 0-0 14. Bf3 e5 15. Nd5 Nxd5 16. Bxd5+ Kh8 17. Be3 Nb4 18. Bb3 Rae8 19. a3 Nc6 20. f3 Bh4 21. Re2 Bf6 22. Bd5 Rb8 23. Rde1 Rfe8 24. Kb1 Ne7 25. Bf7 Rf8 26. Be6 Bh4 27. Rd1 Rf6 28. Bh3 Rff8 29. Be6 Rf6 30. Bg4 Nd5 31. Bd2 Rff8 32. Be6 c6 33. Bxd5 cxd5 34. g3 Bf6 35. Rde1 Rfe8 36. f4 Re7 37. Bb4 Rd8 38. fxe5 Rxe5 39. Bxd6 Rxe2 40. Rxe2 Kg8 41. Bf4 Kf7 42. Kc1 Rc8 43. c3 b5 44. Kc2 a5 45. Kb3 Rc6 46. a4 bxa4+ 47. Kxa4 g5 48. Bb8 Rc8 49. Ba7 Ra8 50. Bb6 Rb8 51. Bc5 h5 52. Kxa5 Rxb2 53. Rxb2 Bxc3+ 54. Kb5 Bxb2 1/2-1/2